000
00318nam a22001457a 4500
020
_a
81-7096-137-8
041
_a
ENG
100
_a
Sehgal .J
245
_a
Pedology Concept And Applications
250
_a
First ED
260
_a
Delhi
_b
Kalyani PUB
_c
1996
300
_a
485
650
_a
Horti
856
_u
Agricultural
999
_c
370
_d
370